[Event "CYCC-U14"]
[Site "Montreal CAN"]
[Date "1998.01.31"]
[Round "1"]
[White "Glinert, Stephen"]
[Black "Ma, Xiao"]
[Result "1-0"]
[WhiteElo "2310"]
[BlackElo "1785"]
[PlyCount "155"]
[EventDate "1998.01.31"]
[EventType "swiss"]
[EventRounds "5"]
[EventCountry "CAN"]

1. e4 e5 2. Nf3 Nc6 3. d4 exd4 4. Nxd4 Bc5 5. Be3 Bxd4 6. Bxd4 Nxd4 7. Qxd4 Qf6
8. c3 Qxd4 9. cxd4 d6 10. Nc3 Bd7 11. f4 O-O-O 12. Be2 Nf6 13. O-O d5 14. e5
Ne4 15. Rac1 Nxc3 16. Rxc3 h5 17. Rfc1 c6 18. b4 Kb8 19. a4 a6 20. Rc5 g6 21.
Rb1 b6 22. Rc3 Kb7 23. g3 Rc8 24. Rbc1 Rhe8 25. Bf3 Be6 26. Kg2 Rh8 27. h3 Rh7
28. b5 axb5 29. axb5 c5 30. dxc5 Rxc5 31. Rxc5 bxc5 32. Rxc5 Kb6 33. Rc1 Kxb5
34. g4 hxg4 35. hxg4 Rh8 36. Kg3 Rh7 37. Be2+ Kb6 38. Bd3 Rh8 39. f5 gxf5 40.
gxf5 Bd7 41. Kg4 Rg8+ 42. Kf4 Kb7 43. Be2 Kb6 44. Rc3 Rg7 45. Bf3 Bc6 46. e6
fxe6 47. fxe6 Bd7 48. Bxd5 Bxe6 49. Bxe6 Kb5 50. Ke5 Rg5+ 51. Kd6 Rg6 52. Rb3+
Ka4 53. Rb8 Ka3 54. Ke5 Rg5+ 55. Bf5 Rg7 56. Kd4 Rc7 57. Bd3 Ka4 58. Bc4 Ka5
59. Ra8+ Kb6 60. Ra6+ Kb7 61. Rh6 Re7 62. Bd5+ Kc7 63. Kc5 Rg7 64. Rc6+ Kd7 65.
Ra6 Ke7 66. Kd4 Kf8 67. Ke5 Re7+ 68. Be6 Kg7 69. Ra8 Rc7 70. Rg8+ Kh6 71. Kf6
Kh7 72. Rg1 Kh8 73. Rh1+ Rh7 74. Rc1 Rg7 75. Rc8+ Kh7 76. Bf5+ Kh6 77. Rh8+ Rh7
78. Rxh7# 1-0

[Event "CYCC-U14"]
[Site "Montreal CAN"]
[Date "1998.01.31"]
[Round "2"]
[White "Rolfe, Warrick"]
[Black "Glinert, Stephen"]
[Result "1/2-1/2"]
[WhiteElo "1912"]
[BlackElo "2310"]
[PlyCount "63"]
[EventDate "1998.01.31"]
[EventType "swiss"]
[EventRounds "5"]
[EventCountry "CAN"]

1. e4 d6 2. Nc3 Nf6 3. f4 g6 4. Nf3 Bg7 5. Bc4 O-O 6. O-O c6 7. d3 b5 8. Bb3 b4
9. Ne2 Qb6+ 10. Kh1 Ng4 11. d4 e5 12. fxe5 dxe5 13. Ng5 exd4 14. Nxf7 d3 15.
Nh6+ Kh8 16. Rxf8+ Bxf8 17. Nxg4 Bxg4 18. Qxd3 Bg7 19. Be3 Qc7 20. Bd4 Nd7 21.
Rf1 Ne5 22. Bxe5 Qxe5 23. h3 Bxe2 24. Qxe2 Qxb2 25. Qc4 Qc3 26. Qxc3 Bxc3 27.
Rf7 Re8 28. Rxa7 Rxe4 29. g4 Re5 30. Ra8+ Kg7 31. Ra7+ Kh8 32. Ra8+ 1/2-1/2

[Event "CYCC-U14"]
[Site "Montreal CAN"]
[Date "1998.01.31"]
[Round "3"]
[White "Glinert, Stephen"]
[Black "Gottlieb, Jonathan"]
[Result "1-0"]
[WhiteElo "2310"]
[BlackElo "2083"]
[PlyCount "93"]
[EventDate "1998.01.31"]
[EventType "swiss"]
[EventRounds "5"]
[EventCountry "CAN"]

1. e4 c5 2. Nc3 Nc6 3. g3 g6 4. Bg2 Bg7 5. d3 d6 6. Be3 e5 7. Qd2 Nge7 8. f4
Nd4 9. Nd1 Rb8 10. c3 Ndc6 11. Nf3 O-O 12. O-O b5 13. Nh4 f6 14. f5 g5 15. Nf3
h6 16. h4 g4 17. Nh2 h5 18. Bh6 Rf7 19. Bxg7 Kxg7 20. Nf2 Qh8 21. a3 a5 22. Nd1
b4 23. axb4 axb4 24. Ne3 Bd7 25. Nc4 Nc8 26. Ra6 bxc3 27. bxc3 Be8 28. Rfa1 Qf8
29. Nf1 Ra7 30. Nfe3 Bf7 31. Nd5 Bxd5 32. exd5 Rxa6 33. Rxa6 Nd8 34. Qa2 Qe7
35. Kh2 Nf7 36. Qa4 Qb7 37. Rc6 Ra8 38. Qc2 Nd8 39. Nxd6 Nxd6 40. Rxd6 Qc7 41.
Re6 Nxe6 42. d6 Qxd6 43. Bxa8 Nc7 44. Be4 Nd5 45. Qb3 Ne3 46. Qb7+ Kh6 47. Qf7
1-0

[Event "CYCC-U14"]
[Site "Montreal CAN"]
[Date "1998.02.01"]
[Round "4"]
[White "Glinert, Stephen"]
[Black "Bachand-Fleurent, Julien"]
[Result "1-0"]
[WhiteElo "2310"]
[BlackElo "1872"]
[PlyCount "93"]
[EventDate "1998.01.31"]
[EventType "swiss"]
[EventRounds "5"]
[EventCountry "CAN"]

1. e4 e6 2. d4 d5 3. Nc3 Bb4 4. Nge2 dxe4 5. a3 Ba5 6. b4 Bb6 7. Nxe4 h6 8. Be3
Nf6 9. N2g3 Nbd7 10. c4 a6 11. Bd3 Nxe4 12. Nxe4 Nf6 13. c5 Ba7 14. O-O Bd7 15.
Qf3 Bc6 16. Nxf6+ Qxf6 17. Qxf6 gxf6 18. a4 Bd5 19. b5 a5 20. Rab1 Bb8 21. Rfc1
Rg8 22. g3 h5 23. Kf1 Ke7 24. Bc4 Be4 25. Rb2 Rh8 26. h4 b6 27. c6 Ba7 28. Bf4
Rac8 29. Re1 Bf5 30. Rd2 Bb8 31. Bd3 Bxd3+ 32. Rxd3 Rcd8 33. d5 Kf8 34. Red1 e5
35. Bc1 Kg7 36. Ba3 Rhe8 37. Ke2 f5 38. d6 cxd6 39. Bxd6 Bxd6 40. Rxd6 Rxd6 41.
Rxd6 Rc8 42. Rd7 Rb8 43. Rb7 Ra8 44. Rxb6 e4 45. c7 Rc8 46. Rc6 Kf8 47. b6 1-0

[Event "CYCC-U14"]
[Site "Montreal CAN"]
[Date "1998.02.01"]
[Round "5"]
[White "Vezina, Kenny"]
[Black "Glinert, Stephen"]
[Result "0-1"]
[WhiteElo "1392"]
[BlackElo "2310"]
[PlyCount "82"]
[EventDate "1998.01.31"]
[EventType "swiss"]
[EventRounds "5"]
[EventCountry "CAN"]

1. e4 d6 2. Bc4 Nf6 3. Nc3 g6 4. Nf3 Bg7 5. d3 O-O 6. O-O c6 7. Re1 b5 8. Bb3
Nbd7 9. Bxf7+ Rxf7 10. Ng5 Nc5 11. Nxf7 Kxf7 12. d4 Ne6 13. Qf3 Nxd4 14. Qd3 e5
15. Bg5 a5 16. Re3 b4 17. Ne2 Ba6 18. Qd2 Nxe2+ 19. Rxe2 Bxe2 20. Qxe2 Qd7 21.
Rd1 Qe6 22. b3 Ra7 23. Be3 Rd7 24. Bb6 d5 25. Bxa5 Nxe4 26. Bxb4 Bf8 27. f3 Nf6
28. Bc3 Bc5+ 29. Kh1 d4 30. Bb2 Nd5 31. Re1 Ne3 32. Bc1 Kg7 33. Bd2 Rd5 34. Qd3
Qf5 35. Qa6 Qxc2 36. Qb7+ Kh6 37. g4 Qxd2 38. g5+ Kxg5 39. h4+ Kh6 40. Rg1 Qf2
41. h5 Qh4# 0-1

[Event "North Bay int."]
[Site "North Bay CAN"]
[Date "1997.08.06"]
[Round "1"]
[White "Glinert, Stephen"]
[Black "Gofshtein, Leonid"]
[Result "1/2-1/2"]
[WhiteElo "2170"]
[BlackElo "2545"]
[PlyCount "58"]
[EventDate "1997.08.06"]
[EventType "swiss"]
[EventRounds "9"]
[EventCountry "CAN"]
[Source "ChessBase"]
[SourceDate "1997.11.17"]

1. e4 c5 2. Nc3 e6 3. g3 b6 4. Bg2 Bb7 5. d3 d6 6. Nge2 Nf6 7. O-O a6 8. f4 Qc7
9. h3 h5 10. Qe1 Nbd7 11. Be3 Be7 12. Nd1 b5 13. Nf2 Nb6 14. g4 hxg4 15. hxg4
d5 16. e5 Nfd7 17. c3 d4 18. cxd4 Bxg2 19. Kxg2 Qb7+ 20. Ne4 c4 21. N2g3 cxd3
22. Qd1 f5 23. exf6 Nxf6 24. Qf3 Nxe4 25. Nxe4 Nd5 26. Rac1 g5 27. fxg5 Kd7 28.
Bd2 Raf8 29. Qxd3 Qb8 1/2-1/2

[Event "Toronto int."]
[Site "Toronto CAN"]
[Date "1997.05.16"]
[Round "1"]
[White "Glinert, Stephen"]
[Black "Findlay, Ian"]
[Result "1-0"]
[WhiteElo "2302"]
[BlackElo "2435"]
[PlyCount "113"]
[EventDate "1997.05.16"]
[EventType "swiss"]
[EventRounds "7"]
[EventCountry "CAN"]

1. e4 c5 2. Nc3 Nc6 3. g3 g6 4. Bg2 Bg7 5. d3 d6 6. Be3 e6 7. Qd2 h6 8. Nge2
Nd4 9. Nd1 Ne7 10. O-O Nxe2+ 11. Qxe2 O-O 12. f4 Rb8 13. c3 b6 14. d4 Qd7 15.
Qd2 f5 16. Nf2 fxe4 17. Nxe4 Nf5 18. dxc5 dxc5 19. Qxd7 Bxd7 20. Bf2 Rbd8 21.
g4 Ne7 22. Bh4 g5 23. fxg5 Ng6 24. Bg3 e5 25. gxh6 Bxh6 26. g5 Bg7 27. h4 Bg4
28. Rxf8+ Rxf8 29. Rf1 Nf4 30. Bxf4 exf4 31. Bf3 Be6 32. a3 Rd8 33. Rd1 Rxd1+
34. Bxd1 Bd5 35. Nd2 Kf7 36. Bb3 Bxb3 37. Nxb3 Kg6 38. Kg2 Kh5 39. Kf3 Be5 40.
Nd2 Kxh4 41. Nc4 Bxc3 42. bxc3 Kxg5 43. Nd6 Kf6 44. Kxf4 Ke6 45. Nf5 Kd5 46.
Ne3+ Kc6 47. a4 b5 48. axb5+ Kxb5 49. Ke4 a5 50. Kd5 Ka4 51. Kxc5 Kb3 52. c4 a4
53. Nd5 a3 54. Nb4 Ka4 55. Nc2 a2 56. Kd4 Kb3 57. Kd3 1-0

[Event "Toronto int."]
[Site "Toronto CAN"]
[Date "1997.05.18"]
[Round "4"]
[White "Glinert, Stephen"]
[Black "Gurevich, Dmitry"]
[Result "0-1"]
[WhiteElo "2302"]
[BlackElo "2580"]
[PlyCount "126"]
[EventDate "1997.05.16"]
[EventType "swiss"]
[EventRounds "7"]
[EventCountry "CAN"]

1. e4 d6 2. d4 Nf6 3. Nc3 g6 4. Nf3 Bg7 5. Be2 O-O 6. O-O c6 7. a4 Qc7 8. h3 e5
9. Be3 exd4 10. Nxd4 Re8 11. Bf3 Nbd7 12. Re1 Ne5 13. Be2 a6 14. f4 Ned7 15.
Bf3 c5 16. Nb3 Rb8 17. Qe2 b6 18. Rad1 Bb7 19. Nd2 d5 20. exd5 Nxd5 21. Nxd5
Bxd5 22. c3 Bxf3 23. Qxf3 Nf6 24. Nc4 Re4 25. b3 Re7 26. Bf2 Rxe1+ 27. Rxe1 b5
28. axb5 axb5 29. Ne5 Re8 30. Rd1 h6 31. Qc6 Qxc6 32. Nxc6 Ne4 33. c4 bxc4 34.
bxc4 Nxf2 35. Kxf2 Re4 36. Rd8+ Kh7 37. Na5 Rxf4+ 38. Ke3 g5 39. Rd5 Bd4+ 40.
Kd3 Rf2 41. Nb3 Rxg2 42. Nxd4 Rg3+ 43. Ke4 cxd4 44. c5 Rxh3 45. Kxd4 g4 46. Rf5
Kg6 47. Rf2 Ra3 48. Ke5 Rc3 49. Kd6 h5 50. c6 g3 51. Rg2 h4 52. c7 Kf5 53. Re2
h3 54. Re3 Rxc7 55. Rxg3 h2 56. Rh3 Rc2 57. Kd5 Rd2+ 58. Kc4 Kg4 59. Rh8 Kg3
60. Rg8+ Kf3 61. Rh8 Kg2 62. Rg8+ Kf1 63. Rh8 Kg1 0-1

[Event "Toronto int."]
[Site "Toronto CAN"]
[Date "1997.05.18"]
[Round "5"]
[White "Ochkoos, Jura"]
[Black "Glinert, Stephen"]
[Result "1-0"]
[WhiteElo "2360"]
[BlackElo "2302"]
[PlyCount "111"]
[EventDate "1997.05.16"]
[EventType "swiss"]
[EventRounds "7"]
[EventCountry "CAN"]

1. e4 d6 2. d4 Nf6 3. Nc3 g6 4. f4 Bg7 5. Nf3 O-O 6. Bd3 Nc6 7. e5 dxe5 8. dxe5
Nd5 9. Nxd5 Qxd5 10. Qe2 Bg4 11. Be4 Qc5 12. Be3 Qb4+ 13. Bd2 Qxb2 14. O-O Bxf3
15. Qxf3 Qd4+ 16. Be3 Qc3 17. Rab1 Na5 18. Qf2 Rad8 19. Bd3 Qc6 20. h4 b6 21.
h5 Nc4 22. Bc1 Qd5 23. Qe2 Na5 24. Bd2 Nb7 25. Be3 Nc5 26. Bc4 Qc6 27. hxg6
hxg6 28. Bb5 Qd5 29. Bc4 Qc6 30. f5 a6 31. e6 fxe6 32. fxg6 Qe4 33. Bxc5 Qxe2
34. Bxe2 bxc5 35. Bxa6 Bd4+ 36. Kh2 Kg7 37. Bd3 Ra8 38. Rxf8 Rxf8 39. Be4 Rf4
40. Re1 Bf2 41. g3 Rf8 42. Re2 Bd4 43. Kg2 Rf6 44. c4 e5 45. a4 Ra6 46. Ra2 Bc3
47. Kh3 Ba5 48. Kg4 Rf6 49. Rh2 Rd6 50. Rh7+ Kf8 51. Rf7+ Ke8 52. Rf1 Rf6 53.
Rxf6 exf6 54. Kf5 Ke7 55. Bd5 c6 56. g7 1-0

[Event "Toronto int."]
[Site "Toronto CAN"]
[Date "1997.05.19"]
[Round "7"]
[White "Saleh, Maher"]
[Black "Glinert, Stephen"]
[Result "1/2-1/2"]
[WhiteElo "2368"]
[BlackElo "2302"]
[PlyCount "78"]
[EventDate "1997.05.16"]
[EventType "swiss"]
[EventRounds "7"]
[EventCountry "CAN"]

1. Nf3 Nf6 2. g3 d5 3. Bg2 e6 4. O-O Be7 5. d4 O-O 6. c4 Nbd7 7. Qc2 dxc4 8.
Qxc4 c5 9. Rd1 Qb6 10. Nc3 cxd4 11. Nxd4 Nc5 12. b4 Na6 13. a3 e5 14. Ndb5 Be6
15. Qd3 Rfd8 16. Qc2 Ng4 17. e3 Bc4 18. Rxd8+ Rxd8 19. Qe4 Qe6 20. h3 Nf6 21.
Qxb7 Rb8 22. Nc7 Qd7 23. Qxa7 Qxc7 24. Qxc7 Nxc7 25. Bb2 Nd7 26. Rc1 Ne6 27.
Nd5 Bxd5 28. Bxd5 Nef8 29. Bc6 Bf6 30. Ba1 Nb6 31. b5 Ne6 32. Kf1 h6 33. Ke2
Rd8 34. Bc3 Nc5 35. Bxe5 Bxe5 36. Rxc5 Bd6 37. Rc3 Kf8 38. f4 Ke7 39. e4 f6
1/2-1/2

[Event "CAN-ch U16"]
[Site "Victoria CAN"]
[Date "1997.03.09"]
[Round "1"]
[White "Glinert, Stephen"]
[Black "Hua, Lefong"]
[Result "1-0"]
[WhiteElo "2193"]
[BlackElo "2308"]
[PlyCount "85"]
[EventDate "1997.03.09"]
[EventType "tourn"]
[EventRounds "9"]
[EventCountry "CAN"]

1. e4 c5 2. Nc3 Nc6 3. g3 g6 4. Bg2 Bg7 5. d3 d6 6. Be3 e6 7. Qd2 Nge7 8. Bh6
O-O 9. h4 f5 10. h5 Rf7 11. hxg6 Nxg6 12. exf5 Bxh6 13. Qxh6 Nf8 14. g4 exf5
15. Bd5 Qe7+ 16. Kf1 Be6 17. Re1 Ne5 18. g5 Nfg6 19. Nh3 f4 20. Ng1 f3 21. Nxf3
Rxf3 22. Bxf3 Nxf3 23. Nd5 Qxg5 24. Qxg5 Nxg5 25. Nc7 Rc8 26. Nxe6 Nf3 27. Re3
Nd4 28. c3 Nxe6 29. Rxe6 Rd8 30. Rg1 Kf7 31. Re3 Rd7 32. Rg4 h5 33. Rg5 h4 34.
Rf5+ Kg7 35. Re6 Ne5 36. d4 cxd4 37. cxd4 Nf7 38. Rh5 Rc7 39. Rxh4 Rc1+ 40. Re1
Rc2 41. Re2 Rc1+ 42. Kg2 Rd1 43. Re7 1-0

[Event "CAN-ch U16"]
[Site "Victoria CAN"]
[Date "1997.03.10"]
[Round "2"]
[White "Glinert, Stephen"]
[Black "Bertrand, Eric"]
[Result "1-0"]
[WhiteElo "2193"]
[BlackElo "1919"]
[PlyCount "75"]
[EventDate "1997.03.09"]
[EventType "tourn"]
[EventRounds "9"]
[EventCountry "CAN"]

1. e4 e6 2. d4 d5 3. Nc3 Nf6 4. Bg5 Be7 5. Bxf6 Bxf6 6. Nf3 c5 7. exd5 exd5 8.
Bb5+ Nc6 9. O-O a6 10. Bxc6+ bxc6 11. Re1+ Be6 12. dxc5 Bxc3 13. bxc3 O-O 14.
Ne5 Rc8 15. Qd4 Re8 16. Qa4 f6 17. Nf3 a5 18. Nd4 Bf7 19. Nf5 Qd7 20. Nd6 Rxe1+
21. Rxe1 Ra8 22. h3 Bg6 23. Re2 h5 24. Qd4 Rb8 25. a3 Rb1+ 26. Kh2 Rb2 27. c4
Rxc2 28. Rxc2 Bxc2 29. cxd5 a4 30. dxc6 Qxc6 31. Qc4+ Kh7 32. Qxc2+ g6 33. Qc4
Kh6 34. Qf4+ Kg7 35. Qe3 Qc7 36. g3 Kh7 37. Ne8 Qd8 38. c6 1-0

[Event "CAN-ch U16"]
[Site "Victoria CAN"]
[Date "1997.03.10"]
[Round "3"]
[White "McLean, Nathan"]
[Black "Glinert, Stephen"]
[Result "0-1"]
[WhiteElo "1969"]
[BlackElo "2193"]
[PlyCount "100"]
[EventDate "1997.03.09"]
[EventType "tourn"]
[EventRounds "9"]
[EventCountry "CAN"]

1. e4 d6 2. d4 Nf6 3. Nc3 g6 4. Nf3 Bg7 5. Be2 O-O 6. O-O Bg4 7. h3 Bxf3 8.
Bxf3 Nc6 9. Be3 e5 10. dxe5 Nxe5 11. Be2 Re8 12. f4 Nc6 13. Bf3 Qe7 14. Bf2 Qf8
15. Re1 Rad8 16. Qd2 a6 17. Nd5 Nxd5 18. exd5 Nb8 19. Bd4 Nd7 20. Bxg7 Qxg7 21.
c4 a5 22. Kf1 b6 23. g4 h6 24. Rad1 g5 25. f5 Nc5 26. Re2 Nd7 27. b3 Qf6 28.
Rde1 Re5 29. Rxe5 Nxe5 30. Be4 Kg7 31. Qd4 Nxg4 32. Qxf6+ Nxf6 33. Bd3 Re8 34.
Rxe8 Nxe8 35. Kf2 Kf6 36. Kf3 Ng7 37. Kg4 h5+ 38. Kf3 Nxf5 39. Ke4 Ne7 40. a3
Ng6 41. b4 axb4 42. axb4 Nf4 43. Bf1 h4 44. Kf3 Ke5 45. b5 f6 46. Ke3 f5 47.
Kf3 Kd4 48. Kf2 g4 49. hxg4 fxg4 50. Kg1 g3 0-1

[Event "CAN-ch U16"]
[Site "Victoria CAN"]
[Date "1997.03.11"]
[Round "4"]
[White "Glinert, Stephen"]
[Black "Wong, Samuel"]
[Result "1-0"]
[WhiteElo "2193"]
[BlackElo "1881"]
[PlyCount "51"]
[EventDate "1997.03.09"]
[EventType "tourn"]
[EventRounds "9"]
[EventCountry "CAN"]

1. e4 c5 2. Nc3 Nc6 3. g3 g6 4. Bg2 Bg7 5. d3 d6 6. Be3 Bd7 7. Qd2 Nf6 8. h3
O-O 9. Nge2 Qc7 10. O-O Rad8 11. f4 Bc8 12. g4 b6 13. f5 Bb7 14. g5 Nd7 15. Nd5
Qb8 16. f6 exf6 17. gxf6 Nxf6 18. Nxf6+ Kh8 19. Bh6 Ne5 20. Qg5 Nd7 21. Bxg7+
Kxg7 22. Ng3 Nxf6 23. Nf5+ Kg8 24. Qxf6 gxf5 25. Rxf5 Bxe4 26. Bxe4 1-0

[Event "CAN-ch U16"]
[Site "Victoria CAN"]
[Date "1997.03.11"]
[Round "5"]
[White "Golts, Roman"]
[Black "Glinert, Stephen"]
[Result "1-0"]
[WhiteElo "2296"]
[BlackElo "2193"]
[PlyCount "79"]
[EventDate "1997.03.09"]
[EventType "tourn"]
[EventRounds "9"]
[EventCountry "CAN"]

1. e4 d6 2. d4 Nf6 3. Nc3 g6 4. Bc4 Bg7 5. Nf3 Nc6 6. O-O Bg4 7. Be3 O-O 8. h3
Bxf3 9. Qxf3 e5 10. d5 Ne7 11. Qe2 Nd7 12. Bd3 f5 13. f3 f4 14. Bf2 g5 15. Qd2
Nf6 16. Rfe1 Qd7 17. Kf1 h5 18. Ke2 g4 19. hxg4 hxg4 20. Bh4 gxf3+ 21. gxf3 Qh3
22. Rh1 Qd7 23. Rag1 Kf7 24. Kd1 Rg8 25. Bf1 Bh8 26. Rxg8 Nexg8 27. Bh3 Qd8 28.
Be6+ Ke7 29. Bg5 Bg7 30. Rh7 Qf8 31. Qg2 a6 32. Bxf6+ Kxf6 33. Qg4 Nh6 34. Qh4+
Kg6 35. Bf5+ Qxf5 36. Rxg7+ Kxg7 37. exf5 Rg8 38. Qe7+ Kh8 39. Qf6+ Kh7 40. Ne4
1-0

[Event "CAN-ch U16"]
[Site "Victoria CAN"]
[Date "1997.03.12"]
[Round "6"]
[White "Glinert, Stephen"]
[Black "Zugic, Igor"]
[Result "1/2-1/2"]
[WhiteElo "2193"]
[BlackElo "2352"]
[PlyCount "80"]
[EventDate "1997.03.09"]
[EventType "tourn"]
[EventRounds "9"]
[EventCountry "CAN"]

1. e4 e6 2. d4 d5 3. Nc3 Bb4 4. Nge2 dxe4 5. a3 Be7 6. Nxe4 Nf6 7. N2g3 Nbd7 8.
Bc4 a6 9. O-O O-O 10. c3 b5 11. Bd3 Bb7 12. Qc2 g6 13. b3 Nxe4 14. Bxe4 Bxe4
15. Qxe4 Nb6 16. Bb2 Qd5 17. Qc2 f5 18. f3 Bf6 19. Kh1 Rfe8 20. Rac1 Qd7 21.
Ne2 Bg5 22. f4 Bf6 23. c4 bxc4 24. bxc4 Qg7 25. Ba1 Nc8 26. d5 Nd6 27. Bxf6
Qxf6 28. Ng3 h5 29. c5 Nf7 30. dxe6 Rxe6 31. Ne2 Rae8 32. Nc3 Qd4 33. Qf2 Qxf2
34. Rxf2 c6 35. g3 Re3 36. Rb2 Re1+ 37. Rxe1 Rxe1+ 38. Kg2 Rc1 39. Na4 a5 40.
Rb8+ Kg7 1/2-1/2

[Event "CAN-ch U16"]
[Site "Victoria CAN"]
[Date "1997.03.13"]
[Round "7"]
[White "Ho, Andrew"]
[Black "Glinert, Stephen"]
[Result "1-0"]
[WhiteElo "2309"]
[BlackElo "2193"]
[PlyCount "75"]
[EventDate "1997.03.09"]
[EventType "tourn"]
[EventRounds "9"]
[EventCountry "CAN"]

1. d4 d5 2. c4 e6 3. Nc3 Nf6 4. cxd5 exd5 5. Bg5 Be7 6. e3 O-O 7. Bd3 b6 8.
Bxf6 Bxf6 9. Qh5 g6 10. Qxd5 c6 11. Qxd8 Rxd8 12. Nge2 Bb7 13. O-O-O Nd7 14.
Kb1 Bg7 15. Be4 Rac8 16. Nf4 Nf6 17. Bf3 g5 18. Nd3 g4 19. Be2 c5 20. dxc5 bxc5
21. Nf4 Bh6 22. Rhg1 Kf8 23. g3 Bg7 24. Bd3 Bf3 25. Be2 Bb7 26. Kc1 Rb8 27.
Rxd8+ Rxd8 28. Rd1 Rb8 29. Rd2 h6 30. Nd3 Rc8 31. Ne5 h5 32. Nd7+ Nxd7 33. Rxd7
Rb8 34. Bc4 Bxc3 35. bxc3 Be4 36. Bb3 c4 37. Bc2 Bb7 38. Rc7 1-0

[Event "CAN-ch U16"]
[Site "Victoria CAN"]
[Date "1997.03.14"]
[Round "9"]
[White "Chin, Garrett"]
[Black "Glinert, Stephen"]
[Result "0-1"]
[WhiteElo "1999"]
[BlackElo "2193"]
[PlyCount "190"]
[EventDate "1997.03.09"]
[EventType "tourn"]
[EventRounds "9"]
[EventCountry "CAN"]

1. e4 d6 2. d4 Nf6 3. Nc3 g6 4. Bc4 Bg7 5. Qe2 Nc6 6. e5 Nd7 7. Nf3 Nb6 8. Bb5
O-O 9. Bf4 Bg4 10. O-O-O a6 11. Bxc6 bxc6 12. h3 Be6 13. Ng5 Bc4 14. Qg4 h6 15.
Nge4 Nd5 16. Nxd5 Bxd5 17. Nc3 Be6 18. Qe2 Qb8 19. h4 h5 20. f3 Qb4 21. Qd2
Rab8 22. b3 c5 23. Nb1 Qxd2+ 24. Rxd2 cxd4 25. Re1 Rb5 26. Rde2 Rc5 27. exd6
cxd6 28. Kd1 Rfc8 29. Rd2 Bf5 30. Na3 d3 31. c4 Bc3 32. Rxe7 Bxd2 33. Kxd2 Rd8
34. Nb1 d5 35. Re5 f6 36. Rxd5 Rcxd5 37. cxd5 Rxd5 38. Nc3 Rd8 39. Be3 Kf7 40.
Bb6 Re8 41. Be3 g5 42. hxg5 fxg5 43. Bxg5 Kg6 44. Be3 h4 45. Bf4 Rh8 46. Nd5
Kf7 47. Ne3 Bg6 48. Nc4 Ke6 49. Kc3 Bf5 50. a3 Rd8 51. Kd2 Rg8 52. Ne3 Bg6 53.
Bg5 Rh8 54. Nc4 h3 55. gxh3 Rxh3 56. Ke3 Rh2 57. Bf4 Re2+ 58. Kd4 Bf5 59. Nd2
Re1 60. Kc3 Kd5 61. Nc4 Bh7 62. Ne3+ Kc5 63. Nc4 Rf1 64. Bd6+ Kc6 65. Bf4 Kb7
66. Nd2 Rc1+ 67. Kd4 Rc2 68. Bg5 Kc8 69. Bf4 Kd7 70. Ke5 Ke7 71. Kd4 Kf7 72.
Be3 Kf6 73. Bf4 Bf5 74. Be3 Kg6 75. Ke5 Rc8 76. Kd4 Kh5 77. Bf4 Kh4 78. Nc4
Rd8+ 79. Kc3 Kh3 80. Nd2 Kg2 81. Be3 Bg6 82. Kb4 Bh5 83. Ka5 Re8 84. Bd4 Re2
85. Bc3 Re6 86. b4 Bxf3 87. Nxf3 Kxf3 88. a4 Ke4 89. b5 axb5 90. Kxb5 Kd5 91.
a5 Re8 92. Kb6 Rb8+ 93. Kc7 Rb2 94. Be1 Re2 95. Bc3 Rc2 0-1

[Event "CAN-ch U14"]
[Site "Toronto CAN"]
[Date "1997.01.31"]
[Round "1"]
[White "Henson, Joshua"]
[Black "Glinert, Stephen"]
[Result "0-1"]
[WhiteElo "1959"]
[BlackElo "2205"]
[PlyCount "80"]
[EventDate "1997.01.31"]
[EventType "swiss"]
[EventRounds "5"]
[EventCountry "CAN"]

1. e4 Nc6 2. Nf3 e6 3. d3 d5 4. Nbd2 Nf6 5. g3 Bc5 6. Bg2 dxe4 7. dxe4 e5 8.
O-O Bg4 9. c3 Qd3 10. Re1 Rd8 11. Qe2 Bb6 12. h3 Bh5 13. Qxd3 Rxd3 14. g4 Bg6
15. Nh4 O-O 16. Nxg6 hxg6 17. Nc4 Nd7 18. Bf1 Rf3 19. Nxb6 axb6 20. Bg5 f5 21.
Rad1 Nc5 22. exf5 gxf5 23. Bg2 Rd3 24. Bxc6 bxc6 25. Be7 Ra8 26. Bxc5 Rxd1 27.
Rxd1 bxc5 28. a3 Rb8 29. b4 Ra8 30. Ra1 fxg4 31. hxg4 Kf7 32. a4 Ke6 33. Kf1
Kd5 34. bxc5 Kxc5 35. Ke2 Kd5 36. Ke3 g5 37. f3 c5 38. Kd3 c4+ 39. Ke3 Rb8 40.
Ra3 Rb3 0-1

[Event "CAN-ch U14"]
[Site "Toronto CAN"]
[Date "1997.02.01"]
[Round "2"]
[White "Glinert, Stephen"]
[Black "Chu, Stefanie"]
[Result "1/2-1/2"]
[WhiteElo "2205"]
[BlackElo "2032"]
[PlyCount "79"]
[EventDate "1997.01.31"]
[EventType "swiss"]
[EventRounds "5"]
[EventCountry "CAN"]

1. e4 c5 2. d4 cxd4 3. c3 d5 4. exd5 Qxd5 5. cxd4 e6 6. Nf3 Nf6 7. Be2 Nc6 8.
O-O Be7 9. Nc3 Qd6 10. Be3 Nd5 11. Ne4 Qd8 12. Rc1 O-O 13. Bb5 Nb8 14. Ne5 Bd7
15. Qa4 Nb6 16. Qb3 Bxb5 17. Qxb5 Na6 18. Nc5 Qd5 19. Ned3 Rac8 20. Nf4 Qf5 21.
Qd3 Qxd3 22. Ncxd3 Rfd8 23. Rfd1 Bf6 24. Ne5 Nb4 25. a3 N4d5 26. Nfd3 Kf8 27.
Bd2 Ne7 28. Bc3 Nf5 29. Nf4 Nxd4 30. Ned3 e5 31. Bb4+ Kg8 32. Rxc8 Nxc8 33. Nh5
Nc6 34. Bc3 e4 35. Bxf6 Rxd3 36. Rxd3 exd3 37. Bc3 f6 38. Nf4 Nd6 39. Nxd3 Ne4
40. Be1 1/2-1/2

[Event "CAN-ch U14"]
[Site "Toronto CAN"]
[Date "1997.02.02"]
[Round "4"]
[White "Ho, Andrew"]
[Black "Glinert, Stephen"]
[Result "1-0"]
[WhiteElo "2309"]
[BlackElo "2205"]
[PlyCount "68"]
[EventDate "1997.01.31"]
[EventType "swiss"]
[EventRounds "5"]
[EventCountry "CAN"]

1. d4 d5 2. c4 e6 3. Nc3 Nf6 4. cxd5 exd5 5. Bg5 Be7 6. e3 O-O 7. Bd3 Be6 8.
Nge2 Nbd7 9. Qc2 b6 10. O-O h6 11. Bf4 a6 12. Bg3 Ne8 13. Nf4 Ndf6 14. Rac1 Nd6
15. Nce2 Bd7 16. Nc3 c6 17. f3 Nb5 18. Nfe2 c5 19. Nxb5 axb5 20. a3 Rc8 21. Qd2
Re8 22. Rfe1 Nh5 23. Be5 Bc6 24. Nc3 c4 25. Bf5 Ra8 26. Na2 f6 27. Bg6 fxe5 28.
Bxh5 Rf8 29. dxe5 Bc5 30. Nb4 Bb7 31. Rcd1 Qg5 32. Bg4 Qxe5 33. Kh1 Rad8 34. f4
Qd6 1-0

[Event "Thanksgiving op"]
[Site "Toronto CAN"]
[Date "1996.10.12"]
[Round "1"]
[White "Glinert, Stephen"]
[Black "Hergott, Deen"]
[Result "1/2-1/2"]
[WhiteElo "2157"]
[BlackElo "2504"]
[PlyCount "49"]
[EventDate "1996.10.12"]
[EventType "swiss"]
[EventRounds "6"]
[EventCountry "CAN"]

1. e4 g6 2. d4 Bg7 3. c4 d6 4. Nc3 e5 5. Be3 exd4 6. Bxd4 Nf6 7. f4 Nc6 8. Bf2
Ng4 9. Bg3 Ne3 10. Qd2 Nxf1 11. Kxf1 O-O 12. Nf3 Bg4 13. Kf2 a6 14. Rhf1 Bxf3
15. gxf3 Na5 16. Qd3 b5 17. cxb5 axb5 18. Nxb5 d5 19. e5 c6 20. Nd6 Qb6+ 21.
Kg2 Qxb2+ 22. Kh1 Nc4 23. Nxc4 dxc4 24. Qxc4 Ra3 25. Qc1 1/2-1/2

[Event "North Bay int."]
[Site "North Bay CAN"]
[Date "1996.08.07"]
[Round "1"]
[White "Glinert, Stephen"]
[Black "Karklins, Andrew"]
[Result "0-1"]
[WhiteElo "2160"]
[BlackElo "2380"]
[PlyCount "104"]
[EventDate "1996.08.07"]
[EventType "swiss"]
[EventRounds "9"]
[EventCountry "CAN"]

1. e4 c5 2. d4 cxd4 3. c3 dxc3 4. Nxc3 e6 5. Nf3 Ne7 6. Bc4 Ng6 7. O-O Nc6 8.
Be3 Be7 9. Qe2 O-O 10. Rfd1 a6 11. Nd4 Nxd4 12. Bxd4 b5 13. Bb3 Bb7 14. Rd2 Bg5
15. Be3 b4 16. Na4 Bxe4 17. Rad1 Bc6 18. Nc5 Bb5 19. Qg4 Bxe3 20. fxe3 Qb6 21.
Qxb4 Rfc8 22. Nxd7 Qxe3+ 23. Kh1 Bxd7 24. Rxd7 Ne5 25. R7d2 h6 26. Bc2 a5 27.
Qxa5 g6 28. Qb5 Ng4 29. Qf1 Qe5 30. Qg1 Rxa2 31. h3 Nf6 32. Bb1 Rxb2 33. Rxb2
Qxb2 34. Qe3 Kg7 35. Rf1 Rd8 36. Bd3 Qd4 37. Qxd4 Rxd4 38. Be2 g5 39. Kh2 Rd2
40. Bf3 h5 41. Re1 Kg6 42. Re5 h4 43. Kg1 Nd5 44. Kh2 Nf4 45. Kg1 f5 46. Ra5
Kf6 47. Ra8 g4 48. hxg4 fxg4 49. Bb7 Rb2 50. Bc6 Ne2+ 51. Kh2 Nd4 52. Be4 Ke5
0-1